Modelo de deterioro y estrategias de rehabilitación de pavimentos flexibles.

Gorde:
Xehetasun bibliografikoak
Egile nagusia: García Carranza, Jaime
Formatua: Liburua
Argitaratua: San José, Costa Rica 1990
Gaiak:
Etiketak: Etiketa erantsi
Etiketarik gabe, Izan zaitez lehena erregistro honi etiketa jartzen!

MARC

LEADER 00000nam a2200000Ia 4500
003 004840
005 20221231144336.0
008 140114s1990 cr a m 000 ||s d
040 |c cru CEDI 
090 |a TFG 2268 
100 |a García Carranza, Jaime  |9 13211 
245 |a Modelo de deterioro y estrategias de rehabilitación de pavimentos flexibles. 
260 |c 1990  |a San José, Costa Rica 
300 |a  [xiii, 186] hojas : ilustraciones ; 28 cm  
500 |a  Proyecto de graduación (licenciatura en ingeniería civil)--Universidad de Costa Rica. Facultad de Ingeniería. Escuela de Ingeniería Civil 
650 |x PAVIMENTOS  |9 13212 
942 |c TFG 
999 |c 20452  |d 20452